Sports Quiz

Random Sports or Soccer Quiz

Premier League Goalkeepers Quiz Stats

 Plays Quiz Updated May 27, 2019

Score 0/25 Timer 05:00
5 Plays Today
Clean Sheets Player name % Correct
207Petr Cech
92.3%
172David James
86.1%
136Edwin Van der Sar
85.7%
133Tim Howard
84.9%
127Joe Hart
84.3%
134Pepe Reina
83.7%
144David Seaman
81.6%
87Hugo Lloris
80.1%
116Shay Given
78.1%
132Brad Friedel
75.9%
129Peter Schmeichel
71.3%
153Mark Schwarzer
70.3%
88Paul Robinson
63.7%
Clean Sheets Player name % Correct
68Carlo Cudicini
60.1%
110Thomas Sörensen
53.6%
81Simon Mignolet
51.1%
81Mark Bosnich
50%
63Asmir Begović
48.9%
110Jussi Jääskeläinen
46.3%
140Nigel Martyn
46.1%
78Ian Walker
38.6%
81Ben Foster
38.4%
63Neville Southall
37.9%
101David de Gea
37.5%
88Tim Flowers
36.5%

You're not logged in!

Compare scores with friends on all Sporcle quizzes.
OR
Log In

Sporcle TV

Today on Sporcle TV


Watch our educational content, quiz creation guides, and fun videos on Sporcle TV.

Show Comments

Extras

Top Quizzes Today


Score Distribution

Your Account Isn't Verified!

In order to create a playlist on Sporcle, you need to verify the email address you used during registration. Go to your Sporcle Settings to finish the process.

Report this User

Report this user for behavior that violates our Community Guidelines.

Details: